Geography of New York with Exceptions - Statistics

General Stats
  • This quiz has been taken 601 times
    304 since last reset
  • The average score is 13 of 20
Answer Stats
Clue Answer % Correct
World's largest waterfall Niagara Falls
98%
Capital of New York Albany
96%
Most populous island Long Island
92%
Canal connecting that river tothe Great Lakes Erie Canal
90%
River on which the above is situated Hudson River
88%
Second most populous city Buffalo
85%
City named after the classical Greek city in Sicily Syracuse
75%
Area in that island where thewealthy "summer" The {Hampton}s
73%
Group of narrow lakes {Finger} Lakes
72%
Major river on the Canadian border St. Lawrence
70%
Site of the U.S. Military Academy West Point
67%
1932 and 1980 Winter Olympics host Lake Placid
62%
Home to the Cornell University Ithaca
59%
Lake between New York and Vermont Lake Champlain
53%
Mountain range covering muchof northeast New York Adirondack Mountains
51%
This lake's name means "Great Lake" Lake Ontario
47%
River on the Pennsylvania border Delaware River
39%
Waterfalls of the above located entirely within the U.S. American Falls
28%
Where the Woodstock was held Bethel
19%
Waterfalls of the above located entirely within the U.S. Bridal Veil Falls
17%
No matching quizzes found
Score Distribution
Percent of People with Each Score
Percentile by Number Answered
Your Score History
You have not taken this quiz since the last reset